Minecraft Loot: Taiga Village - Statistics

General Stats
  • This quiz has been taken 7 times
  • The average score is 10 of 13
Answer Stats
Pool Item Stack Size Weight % Correct
1(3-8) Bread 1-4 19%
100%
1(3-8) Fern 1 3.7%
100%
1(3-8) Large Fern 1 3.7%
100%
1(3-8) Spruce Sapling 1-5 9.3%
100%
1(3-8) Emerald 1-4 3.7%
83%
1(3-8) Potato 1-7 19%
83%
1(3-8) Pumpkin Seeds 1-5 9.3%
83%
1(3-8) Spruce Log 1-5 19%
83%
2(1) Bundle 1 33%
67%
1(3-8) Pumpkin Pie 1 1.9%
67%
1(3-8) Sweet Berries 1-7 9.3%
67%
1(3-8) Iron Nugget 1-5 1.9%
50%
1(3-8) Spruce Sign 1 1.9%
50%
No matching quizzes found
Score Distribution
Percent of People with Each Score
Percentile by Number Answered
Your Score History
You have not taken this quiz